Szczegóły MARC21

Down by the riverside : a South Carolina slave community /

003 -Nazwa inst., której nr kontr. jest w polu 001 [,]
    • @
    • Nazwa instytucji, której n kontrolny jest w polu 001
    • NUKAT
005 -DATA I CZAS OSTATNIEJ MODYFIKACJI [,]
    • @
    • pole kontrolne
    • 20241231103916.0
020 -Międzynarod. znormalizowany nr książki - ISBN [ , ]
    • a
    • Numer ISBN
    • 0252010582 Find
    • q
    • Dopowiedzenie
    • cloth
020 -Międzynarod. znormalizowany nr książki - ISBN [ , ]
    • a
    • Numer ISBN
    • 0252013050 Find
    • q
    • Dopowiedzenie
    • paper
040 -Instytucja sporządzająca opis [ , ]
    • a
    • Instytucja, która sporządziła opis (NP)
    • Ł U/BWSM
    • b
    • Język katalogowania
    • pol
    • e
    • Zasady katalogowania
    • rda
    • c
    • Instytucja, która sporządziła rekord (NP)
    • Ł U/BWSM
    • d
    • Instytucja, która zmodyfikowała rekord (P)
    • Ł U/AS
942 -Rodzaj dokumentu [ , ]
    • c
    • Rodzaj dokumentu
    • Książka
100 -Hasło główne - nazwa osobowa [1, ]
    • a
    • Nazwa osobowa (NP)
    • Joyner, Charles W.
    • d
    • Daty biograficzne (NP)
    • (1935-2016).
    • e
    • Rodzaj współpracy
    • Autor
    • 9
    • KHW
    • 650238
245 -Strefa tytułu i oznaczenia odpowiedzialności [1,0]
    • a
    • Tytuł
    • Down by the riverside : Find
    • b
    • Ciąg dalszy tytułu (NP)
    • a South Carolina slave community / Find
    • c
    • Pozostałe elementy strefy tytułu i oznaczenia odpowiedzialności (NP)
    • Charles Joyner.
250 -Strefa wydania [ , ]
    • a
    • Oznaczenie wydania (NP)
    • Illini Books edition.
260 -Strefa adresu wydawniczego [ , ]
    • a
    • Miejsce wydania (P)
    • Urbana ;
    • a
    • Miejsce wydania (P)
    • Chicago :
    • b
    • Nazwa wydawcy (P)
    • University of Illinois Press,
    • c
    • Data wydania (P)
    • 1985.
300 -Strefa opisu fizycznego [ , ]
    • a
    • Określenie formy książki i/lub objętość (NP)
    • XXII, [2], 345 stron, [12] stron tablic :
    • b
    • Oznaczenie ilustracji (NP)
    • ilustracje ;
    • c
    • Format (NP)
    • 23 cm.
336 -Typ zawartości [ , ]
    • a
    • Termin opisujący typ zawartości
    • Tekst
    • b
    • Kod określający zawartość
    • txt
    • 2
    • Źródło (terminu i kodu)
    • rdacontent
337 -Typ mediów [ , ]
    • a
    • Tryb odtwarzania
    • Bez urządzenia pośredniczącego
    • b
    • Kod typu mediów
    • n
    • 2
    • Źródło (terminu i kodu)
    • rdamedia
338 -Typ/rodzaj nośnika [ , ]
    • a
    • Hasło opisujące typ nośnika
    • Wolumin
    • b
    • Kod typu nośnika
    • nc
    • 2
    • Źródło (terminu i kodu)
    • rdacarrier
490 -Strefa serii i książki wielotomowej - forma nie do wyszukiwania [1, ]
    • a
    • Tytuł (P)
    • Blacks in the New World Find
490 -Strefa serii i książki wielotomowej - forma nie do wyszukiwania [1, ]
    • a
    • Tytuł (P)
    • Illini Books Find
830 -Hasło dodatkowe serii i opisu książki wielotomowej - tytuł ujednolicony/tytuł [ ,0]
    • a
    • Tytuł ujednolicony/tytuł (NP)
    • Blacks in the New World
    • 9
    • KHW
    • 468046
830 -Hasło dodatkowe serii i opisu książki wielotomowej - tytuł ujednolicony/tytuł [ ,0]
    • a
    • Tytuł ujednolicony/tytuł (NP)
    • Illini Books
    • 9
    • KHW
    • 580471
504 -Uwaga dot. bibliogr. załącznikowej [ , ]
    • a
    • Uwaga dot. bibliografii załącznikowej
    • Indeks.
080 -Uniwersalna Klasyfikacja Dziesiętna [ , ]
    • a
    • Symbol klasyfikacji
    • 973(=96)"18/19"=20
080 -Uniwersalna Klasyfikacja Dziesiętna [ , ]
    • a
    • Symbol klasyfikacji
    • :308(73=96)"18/19"=20
080 -Uniwersalna Klasyfikacja Dziesiętna [ , ]
    • a
    • Symbol klasyfikacji
    • :398(73=96)"18/19"=20
980 -Symbol UKD [ , ]
    • a
    • UKD
    • 973(=96):308(73=96):398(73=96)]"18/19"=20
710 -Hasło dodatkowe - nazwa ciała zbiorowego [2, ]
    • a
    • Nazwa ciała zbiorowego lub nazwa geograficzna jako pierwszy element (NP)
    • University of Illinois (Urbana-Champaign).
    • b
    • Nazwa jednostki podrzędnej (P)
    • Press.
    • e
    • Rodzaj współpracy
    • Wydawca
    • 4
    • Kod relacji
    • pbl
    • 9
    • KHW
    • 398815
920 -ISBN [ , ]
    • a
    • ISBN
    • 0-252-01058-2 Find
    • q
    • Dopowiedzenie
    • cloth
920 -ISBN [ , ]
    • a
    • ISBN
    • 0-252-01305-0 Find
    • q
    • Dopowiedzenie
    • paper
Numer inwentarzowy Status udost. Data inwentaryzacji Lokalizacja Sygnatura
A.647212002-04-24BMANG. Kultura Stanów Zjedn. 040